Formula 1 2021 Driver Standings - Statistics

General Stats
  • This quiz has been taken 337 times
  • The average score is 17 of 21
Answer Stats
Position Points Driver % Correct
2nd 387.5 Lewis Hamilton
100%
1st 395.5 Max Verstappen
100%
3rd 226 Valtteri Bottas
98%
4th 190 Sergio Pérez
97%
5th 164.5 Carlos Sainz Jr.
94%
7th 159 Charles Leclerc
91%
6th 160 Lando Norris
91%
8th 115 Daniel Ricciardo
89%
9th 110 Pierre Gasly
85%
11th 74 Esteban Ocon
82%
10th 81 Fernando Alonso
81%
19th 0 Mick Schumacher
80%
12th 43 Sebastian Vettel
80%
13th 34 Lance Stroll
79%
15th 16 George Russell
78%
21st 0 Nikita Mazepin
77%
17th 7 Nicholas Latifi
74%
14th 32 Yuki Tsunoda
73%
16th 10 Kimi Räikkönen
71%
18th 3 Antonio Giovinazzi
67%
20th 0 Robert Kubica
55%
No matching quizzes found
Score Distribution
Percent of People with Each Score
Percentile by Number Answered
Your Score History
You have not taken this quiz